| 000 | 00491nam a2200181 a 4500 | ||
|---|---|---|---|
| 005 | 20140311163003.0 | ||
| 008 | 021014s19uu xx 00 eng d | ||
| 020 | _a0782128222 | ||
| 050 |
_aQA 76.76.H94 _b.W365 2002 |
||
| 100 | _aWebb, Joseph | ||
| 245 |
_aXHTML complete / _cSybex, Inc. |
||
| 260 |
_aQuezon City : _bGlobal Pub, _c2002. |
||
| 300 |
_a1033 p : _bill ; _c21 cm. |
||
| 521 | _aIT | ||
| 546 | _aC1264 | ||
| 650 | _aXHTML ( Document markup language ) | ||
| 942 |
_cBK _2lcc _kFOR |
||
| 999 |
_c39246 _d39246 |
||